000 00689nam a22001817a 4500
003 OSt
005 20250204122044.0
008 240816b ||||| |||| 00| 0 eng d
040 _c0
082 _aDPer 364.05 J826 Winter-Spring v. 110 n. 1-2
100 _aStrang, Dean A.
_eauthor.
_958081
245 _aInaccuracy and the involuntary cofession :
_bunderstanding Rogers V. Richmond rightly /
_cDean A. Strang.
260 _aEvanston ;
_bNorthwestern University Press ,
_cWinter 2020.
300 _avolume 110, pages 69-97.
500 _aThe Journal of Criminal Law and Criminology, vol. 110, pages 69-97, Winter 2020.
700 _aStrang, Dean A.
_eauthor.
_958082
942 _2ddc
_cPER
999 _c20561
_d20561